[Event "5. Magistral Ciutat de Cullera"]
[Site "Cullera ESP"]
[Date "2007.04.12"]
[Round "6.1"]
[White "Kovacevic, Slobodan"]
[Black "Jordan Martinez, David"]
[Result "1-0"]
[WhiteElo "2325"]
[BlackElo "2120"]
[PlyCount "103"]
[EventDate "2007.04.09"]
[EventType "tourn"]
[EventRounds "9"]
[EventCountry "ESP"]
[EventCategory "1"]
[Source "lmi"]
[SourceDate "2007.04.09"]

1. d4 d5 2. Bf4 Nf6 3. e3 Bf5 4. c4 e6 5. Nc3 c6 6. Qb3 Qb6 7. c5 Qxb3 8. axb3
Nbd7 9. h3 Be7 10. b4 O-O 11. b5 cxb5 12. Bxb5 a6 13. Be2 Ne4 14. Nf3 Rfe8 15.
O-O e5 16. Nxe5 Nxc3 17. bxc3 Nxe5 18. Bxe5 Bxc5 19. Bf3 Be4 20. Bxe4 dxe4 21.
Rfb1 b5 22. dxc5 Rxe5 23. Rxb5 g6 24. Raa5 Ra7 25. Rb6 Rc7 26. Rbxa6 Rexc5 27.
Rxc5 Rxc5 28. Ra3 Kg7 29. Kf1 Kf6 30. Ke2 h5 31. Ra6+ Ke7 32. Ra3 Ke6 33. f3
exf3+ 34. gxf3 Rb5 35. Ra6+ Kd7 36. Ra4 Rb2+ 37. Kd3 Rh2 38. h4 Rh3 39. Rf4 Ke6
40. c4 f5 41. Kd4 Rh1 42. Kd3 Ke5 43. Rd4 Rd1+ 44. Kc3 Rc1+ 45. Kd2 Ra1 46. f4+
Ke6 47. Rd8 Rh1 48. c5 Rxh4 49. c6 Rh2+ 50. Kd3 Rh1 51. c7 Rd1+ 52. Kc2 1-0

[Event "5. Magistral Ciutat de Cullera"]
[Site "Cullera ESP"]
[Date "2007.04.12"]
[Round "6.2"]
[White "Gonzalez Menendez, Ivan"]
[Black "Ilchev Ilchev, Plamen"]
[Result "1-0"]
[WhiteElo "2401"]
[BlackElo "2125"]
[PlyCount "49"]
[EventDate "2007.04.09"]
[EventType "tourn"]
[EventRounds "9"]
[EventCountry "ESP"]
[EventCategory "1"]
[Source "lmi"]
[SourceDate "2007.04.09"]

1. e4 c5 2. Nf3 d6 3. d4 cxd4 4. Nxd4 Nf6 5. Nc3 a6 6. Be2 e6 7. O-O Be7 8. f4
Nbd7 9. Be3 Qc7 10. Bf3 Rb8 11. g4 Nc5 12. Qd2 b5 13. g5 Nfd7 14. b4 Na4 15.
Nxa4 bxa4 16. c4 O-O 17. a3 Nb6 18. Rac1 Bd7 19. Rc2 Nxc4 20. Rxc4 Qxc4 21. Rc1
Qxc1+ 22. Qxc1 Rfc8 23. Qd2 a5 24. bxa5 d5 25. Qd3 1-0

[Event "5. Magistral Ciutat de Cullera"]
[Site "Cullera ESP"]
[Date "2007.04.12"]
[Round "6.3"]
[White "Fenollar Jorda, Manuel"]
[Black "Ivanov, Jordan"]
[Result "0-1"]
[WhiteElo "2287"]
[BlackElo "2381"]
[PlyCount "68"]
[EventDate "2007.04.09"]
[EventType "tourn"]
[EventRounds "9"]
[EventCountry "ESP"]
[EventCategory "1"]
[Source "lmi"]
[SourceDate "2007.04.09"]

1. d4 Nf6 2. Nf3 c5 3. c3 e6 4. e3 b6 5. Bd3 Bb7 6. Nbd2 Nc6 7. O-O Qc7 8. a3
d5 9. b4 Bd6 10. Bb2 c4 11. Bc2 b5 12. h3 O-O 13. Re1 e5 14. dxe5 Bxe5 15. e4
Rad8 16. exd5 Nxd5 17. Nxe5 Nxe5 18. Bxh7+ Kxh7 19. Qh5+ Kg8 20. Qxe5 Qxe5 21.
Rxe5 Nf4 22. Nf1 Nd3 23. Re2 Rfe8 24. Ne3 f5 25. Rd2 f4 26. Nf5 f3 27. gxf3 Bc8
28. Nd4 Rd5 29. h4 Kf7 30. a4 a6 31. axb5 axb5 32. Ra7+ Kf6 33. Ne2 Rh5 34. Ra5
Bb7 0-1

[Event "5. Magistral Ciutat de Cullera"]
[Site "Cullera ESP"]
[Date "2007.04.12"]
[Round "6.4"]
[White "Garcia Fernandez, Carlos"]
[Black "Valmaña Canto, Jaime"]
[Result "1/2-1/2"]
[WhiteElo "2377"]
[BlackElo "2338"]
[PlyCount "31"]
[EventDate "2007.04.09"]
[EventType "tourn"]
[EventRounds "9"]
[EventCountry "ESP"]
[EventCategory "1"]
[Source "lmi"]
[SourceDate "2007.04.09"]

1. e4 g6 2. d4 c6 3. c3 d5 4. Nd2 Bg7 5. Ngf3 Bg4 6. h3 Bxf3 7. Qxf3 dxe4 8.
Nxe4 Nd7 9. Bd3 Ngf6 10. O-O O-O 11. Re1 Nxe4 12. Bxe4 f5 13. Bc2 e5 14. dxe5
Nxe5 15. Qf4 Re8 16. Be3 1/2-1/2

[Event "5. Magistral Ciutat de Cullera"]
[Site "Cullera ESP"]
[Date "2007.04.12"]
[Round "7.1"]
[White "Uribe Arteaga, Daniel"]
[Black "Kovacevic, Slobodan"]
[Result "0-1"]
[WhiteElo "2251"]
[BlackElo "2325"]
[PlyCount "108"]
[EventDate "2007.04.09"]
[EventType "tourn"]
[EventRounds "9"]
[EventCountry "ESP"]
[EventCategory "1"]
[Source "lmi"]
[SourceDate "2007.04.09"]

1. e4 c5 2. Nf3 e6 3. d4 cxd4 4. Nxd4 a6 5. c4 Nf6 6. Nc3 Qc7 7. a3 b6 8. Be3
Bb7 9. f3 d6 10. Be2 Be7 11. Rc1 Nbd7 12. b4 O-O 13. O-O Rac8 14. Qd2 Rfe8 15.
Kh1 Qb8 16. Rc2 Ne5 17. Na4 Nfd7 18. Rfc1 h6 19. Nb3 Bc6 20. Nb2 Bb7 21. Nd3
Nxd3 22. Bxd3 Bc6 23. c5 dxc5 24. bxc5 bxc5 25. Na5 Ba4 26. Rb2 Qa8 27. f4 e5
28. Bc4 Qxe4 29. Bxf7+ Kxf7 30. Rc4 Qf5 31. Rxa4 Nf6 32. fxe5 Qxe5 33. Nc4 Qf5
34. Rb7 Kg8 35. Bg1 Rcd8 36. Qc1 Ng4 37. Rxa6 Bg5 38. Qa1 Bf6 39. Qa2 Qd5 40.
Rb1 Re4 41. Ra4 Kh8 42. Qc2 Bd4 43. Nb6 Qe6 44. h3 Nf6 45. Bxd4 cxd4 46. Qc4
Re1+ 47. Rxe1 Qxe1+ 48. Kh2 Qe5+ 49. g3 d3 50. Ra8 Qe2+ 51. Kh1 Qf3+ 52. Kh2
Qf2+ 53. Kh1 Rxa8 54. Nxa8 d2 0-1

[Event "5. Magistral Ciutat de Cullera"]
[Site "Cullera ESP"]
[Date "2007.04.12"]
[Round "7.2"]
[White "Valmaña Canto, Jaime"]
[Black "Cruz Lledo, Pablo"]
[Result "1-0"]
[WhiteElo "2338"]
[BlackElo "1944"]
[PlyCount "51"]
[EventDate "2007.04.09"]
[EventType "tourn"]
[EventRounds "9"]
[EventCountry "ESP"]
[EventCategory "1"]
[Source "lmi"]
[SourceDate "2007.04.09"]

1. e4 d5 2. exd5 Qxd5 3. Nc3 Qa5 4. d4 Nf6 5. Bc4 c6 6. Bd2 Qb6 7. Nf3 Bf5 8.
Bb3 e6 9. Qe2 Bd6 10. Nh4 Bg6 11. Nxg6 hxg6 12. O-O-O Qc7 13. g4 Bf4 14. g5 Nh5
15. d5 Bxd2+ 16. Rxd2 Nf4 17. Qe4 cxd5 18. Bxd5 Nxd5 19. Nxd5 Qc6 20. Re1 Na6
21. Qe5 Rh7 22. Nf4 Nc5 23. Rd6 Nd7 24. Qd4 Qc7 25. Nxe6 fxe6 26. Rexe6+ 1-0

[Event "5. Magistral Ciutat de Cullera"]
[Site "Cullera ESP"]
[Date "2007.04.12"]
[Round "7.3"]
[White "Ivanov, Jordan"]
[Black "Garcia Fernandez, Carlos"]
[Result "1/2-1/2"]
[WhiteElo "2381"]
[BlackElo "2377"]
[PlyCount "36"]
[EventDate "2007.04.09"]
[EventType "tourn"]
[EventRounds "9"]
[EventCountry "ESP"]
[EventCategory "1"]
[Source "lmi"]
[SourceDate "2007.04.09"]

1. Nf3 Nf6 2. c4 c5 3. Nc3 b6 4. g3 Bb7 5. Bg2 e6 6. O-O Be7 7. d4 cxd4 8. Nxd4
Bxg2 9. Kxg2 Qc7 10. b3 Qb7+ 11. f3 d5 12. cxd5 Nxd5 13. Nxd5 Qxd5 14. Be3 Nc6
15. Nxc6 Qxc6 16. Rc1 Qb7 17. Qd4 O-O 18. Qd1 Rfd8 1/2-1/2

[Event "5. Magistral Ciutat de Cullera"]
[Site "Cullera ESP"]
[Date "2007.04.12"]
[Round "7.4"]
[White "Ilchev Ilchev, Plamen"]
[Black "Fenollar Jorda, Manuel"]
[Result "1/2-1/2"]
[WhiteElo "2125"]
[BlackElo "2287"]
[PlyCount "72"]
[EventDate "2007.04.09"]
[EventType "tourn"]
[EventRounds "9"]
[EventCountry "ESP"]
[EventCategory "1"]
[Source "lmi"]
[SourceDate "2007.04.09"]

1. e4 e5 2. Nf3 Nc6 3. Bc4 Bc5 4. O-O Nf6 5. d3 d6 6. h3 O-O 7. a3 Be6 8. Nbd2
Ne7 9. b4 Bb6 10. Bxe6 fxe6 11. Nc4 Ng6 12. g3 d5 13. Nxb6 axb6 14. Qe2 Qe7 15.
c4 d4 16. Nh2 Nd7 17. h4 h6 18. Qh5 Qf7 19. Qe2 Qe7 20. Bb2 c5 21. b5 Rf7 22.
Rae1 Ngf8 23. Bc1 Nh7 24. Kg2 Raf8 25. Ng4 Nhf6 26. Nh2 Nh7 27. Ng4 Nhf6 28.
Nh2 Qe8 29. Rh1 Re7 30. Ref1 Qg6 31. Rhg1 Ref7 32. Kh3 Kh8 33. Rg2 Rg8 34. Rgg1
Rgf8 35. Rh1 h5 36. f3 Ra8 1/2-1/2

[Event "5. Magistral Ciutat de Cullera"]
[Site "Cullera ESP"]
[Date "2007.04.12"]
[Round "7.5"]
[White "Jordan Martinez, David"]
[Black "Gonzalez Menendez, Ivan"]
[Result "1/2-1/2"]
[WhiteElo "2120"]
[BlackElo "2401"]
[PlyCount "143"]
[EventDate "2007.04.09"]
[EventType "tourn"]
[EventRounds "9"]
[EventCountry "ESP"]
[EventCategory "1"]
[Source "lmi"]
[SourceDate "2007.04.09"]

1. e4 e6 2. d4 d5 3. Nc3 Bb4 4. e5 Ne7 5. a3 Bxc3+ 6. bxc3 c5 7. Qg4 O-O 8. Bd3
Qa5 9. Bd2 Nbc6 10. Nf3 f5 11. exf6 Rxf6 12. Qh5 Nf5 13. O-O c4 14. Bxf5 Rxf5
15. Qh4 Bd7 16. Rfe1 Rf6 17. Ne5 Nxe5 18. Rxe5 Raf8 19. f3 h6 20. Qe1 Qa6 21.
Be3 Rf5 22. Bf2 Qa4 23. Re2 Rc8 24. Bg3 Rc6 25. Qc1 Rf7 26. Re1 Bc8 27. Qd2 Rb6
28. Ra2 Qc6 29. Rea1 Rb5 30. Qc1 Bd7 31. Rb1 Rxb1 32. Qxb1 Be8 33. Qb4 Rd7 34.
Rb2 Bg6 35. a4 b6 36. a5 bxa5 37. Qxa5 Rb7 38. Qa2 Rb6 39. h3 Qb7 40. Rxb6 Qxb6
41. Be5 a5 42. Kh2 Be8 43. Qa3 Qa7 44. Kg3 a4 45. Kh2 Bg6 46. Qa2 Qa6 47. Qa3
Kf7 48. Qa2 a3 49. Bf4 Qa5 50. Bd6 Qxc3 51. Qxa3 Qxa3 52. Bxa3 Bxc2 53. Bb2 g5
54. Kg3 Kg6 55. f4 h5 56. fxg5 Kxg5 57. h4+ Kf5 58. Kf3 Bd1+ 59. Ke3 Kg4 60.
Bc3 Kg3 61. Ba5 Kxg2 62. Bd8 Bc2 63. Kd2 Bf5 64. Kc3 Kf3 65. Bf6 Kg4 66. Bg5
Kg3 67. Bf6 Kf3 68. Be5 Kg4 69. Bf6 e5 70. dxe5 Be6 71. Kd4 Kf3 72. Bd8 1/2-1/2

[Event "5. Magistral Ciutat de Cullera"]
[Site "Cullera ESP"]
[Date "2007.04.13"]
[Round "8.2"]
[White "Fenollar Jorda, Manuel"]
[Black "Jordan Martinez, David"]
[Result "1/2-1/2"]
[WhiteElo "2287"]
[BlackElo "2120"]
[PlyCount "103"]
[EventDate "2007.04.09"]
[EventType "tourn"]
[EventRounds "9"]
[EventCountry "ESP"]
[EventCategory "1"]
[Source "lmi"]
[SourceDate "2007.04.09"]

1. d4 d5 2. Nf3 Nf6 3. e3 a6 4. Bd3 Bg4 5. Nbd2 Nbd7 6. h3 Bh5 7. c4 c6 8. cxd5
cxd5 9. Qb3 Qc7 10. Ne5 e6 11. f4 Bg6 12. Nxg6 hxg6 13. O-O Be7 14. Nf3 O-O 15.
Bd2 Rfc8 16. Ne5 b6 17. Rac1 Qb7 18. Bb4 Bxb4 19. Qxb4 Nxe5 20. fxe5 Ne8 21.
Rxc8 Rxc8 22. Rf4 a5 23. Qa3 Rc1+ 24. Kh2 Rc7 25. Bxg6 Qc6 26. Bd3 Qd7 27. Qb3
Rb7 28. Bb5 Qe7 29. Bxe8 Qxe8 30. Rf2 Qc8 31. Rc2 Rc7 32. Rc3 Rxc3 33. Qxc3 Qd7
34. Kg1 g6 35. Kf2 Kg7 36. h4 Qa4 37. Qb3 Qc6 38. Qd1 Qc4 39. b3 Qc3 40. Ke2
Qb2+ 41. Qd2 Qb1 42. Kf2 Qe4 43. Kg3 Qb1 44. Qe2 Kf8 45. Qf2 Ke8 46. Qe2 Kf8
47. h5 gxh5 48. Qxh5 Qxa2 49. Qh6+ Ke7 50. Qf6+ Ke8 51. Qh8+ Ke7 52. Qf6+
1/2-1/2

[Event "5. Magistral Ciutat de Cullera"]
[Site "Cullera ESP"]
[Date "2007.04.13"]
[Round "8.3"]
[White "Garcia Fernandez, Carlos"]
[Black "Ilchev Ilchev, Plamen"]
[Result "1-0"]
[WhiteElo "2377"]
[BlackElo "2125"]
[PlyCount "61"]
[EventDate "2007.04.09"]
[EventType "tourn"]
[EventRounds "9"]
[EventCountry "ESP"]
[EventCategory "1"]
[Source "lmi"]
[SourceDate "2007.04.09"]

1. e4 Nf6 2. Nc3 d5 3. exd5 Nxd5 4. Bc4 Nxc3 5. bxc3 e6 6. Nf3 Be7 7. O-O O-O
8. Qe2 Nd7 9. d4 Re8 10. Bd3 c6 11. Bf4 Qa5 12. c4 Nf6 13. Ne5 g6 14. Qf3 Qd8
15. Bg5 Rf8 16. Bh6 Qxd4 17. Bxf8 Kxf8 18. Rfe1 Bd7 19. Rad1 Be8 20. Bxg6 Qh4
21. g3 Qg5 22. h4 Qh6 23. Bd3 Rc8 24. Bf1 Rc7 25. Bh3 b6 26. Nd3 Kg8 27. Ne5
Kg7 28. Rd4 Rc8 29. Red1 Rc7 30. Kh2 Kg8 31. g4 1-0

[Event "5. Magistral Ciutat de Cullera"]
[Site "Cullera ESP"]
[Date "2007.04.13"]
[Round "8.4"]
[White "Cruz Lledo, Pablo"]
[Black "Ivanov, Jordan"]
[Result "0-1"]
[WhiteElo "1944"]
[BlackElo "2381"]
[PlyCount "62"]
[EventDate "2007.04.09"]
[EventType "tourn"]
[EventRounds "9"]
[EventCountry "ESP"]
[EventCategory "1"]
[Source "lmi"]
[SourceDate "2007.04.09"]

1. d4 d5 2. c4 dxc4 3. e4 e5 4. Nf3 exd4 5. Bxc4 Nc6 6. Nbd2 Na5 7. Qa4+ c6 8.
Be2 d3 9. Bxd3 Qxd3 10. Qxa5 Nf6 11. Ne5 Qd4 12. Nef3 Qc5 13. Qxc5 Bxc5 14. O-O
O-O 15. b3 a5 16. Bb2 a4 17. Rac1 Be7 18. Rfe1 Re8 19. h3 h6 20. Bc3 axb3 21.
axb3 Ra2 22. Ra1 Rxa1 23. Rxa1 c5 24. Ra8 Kf8 25. Ne1 g5 26. Nc2 Nh5 27. Ne3
Nf4 28. Kf1 f6 29. Ra1 Kf7 30. f3 Rd8 31. Rd1 Rd3 0-1

[Event "5. Magistral Ciutat de Cullera"]
[Site "Cullera ESP"]
[Date "2007.04.13"]
[Round "8.5"]
[White "Uribe Arteaga, Daniel"]
[Black "Valmaña Canto, Jaime"]
[Result "0-1"]
[WhiteElo "2251"]
[BlackElo "2338"]
[PlyCount "70"]
[EventDate "2007.04.09"]
[EventType "tourn"]
[EventRounds "9"]
[EventCountry "ESP"]
[EventCategory "1"]
[Source "lmi"]
[SourceDate "2007.04.09"]

1. e4 c5 2. Nf3 Nf6 3. Nc3 d5 4. exd5 Nxd5 5. Bb5+ Bd7 6. Bxd7+ Qxd7 7. O-O Nc6
8. Ne4 e6 9. d4 cxd4 10. Nxd4 Be7 11. Nb3 Rd8 12. Qg4 Bf6 13. Nxf6+ gxf6 14. c4
Ne5 15. Qh4 Qa4 16. Nd2 Ng6 17. Qh6 Ndf4 18. f3 Qc2 19. g3 Ne2+ 20. Kh1 Nxc1
21. Ne4 Nd3 22. Nxf6+ Ke7 23. Ne4 Rhf8 24. Qg5+ f6 25. Qa5 f5 26. Qa3+ Kf7 27.
Ng5+ Kg8 28. Qxa7 Rd7 29. b3 Re8 30. Qe3 f4 31. gxf4 Ndxf4 32. Qg1 Rd2 33. Rfc1
Qf5 34. Ne4 Rg2 35. Qd4 Rxh2+ 0-1

[Event "5. Magistral Ciutat de Cullera"]
[Site "Cullera ESP"]
[Date "2007.04.13"]
[Round "9.1"]
[White "Valmaña Canto, Jaime"]
[Black "Kovacevic, Slobodan"]
[Result "1/2-1/2"]
[WhiteElo "2338"]
[BlackElo "2325"]
[PlyCount "22"]
[EventDate "2007.04.09"]
[EventType "tourn"]
[EventRounds "9"]
[EventCountry "ESP"]
[EventCategory "1"]
[Source "lmi"]
[SourceDate "2007.04.09"]

1. e4 c5 2. Nf3 e6 3. d3 d5 4. Nbd2 Nc6 5. g3 Bd6 6. Bg2 Nge7 7. O-O O-O 8. Re1
Qc7 9. c3 Rd8 10. Qe2 Ng6 11. h4 dxe4 1/2-1/2

[Event "5. Magistral Ciutat de Cullera"]
[Site "Cullera ESP"]
[Date "2007.04.13"]
[Round "9.3"]
[White "Ilchev Ilchev, Plamen"]
[Black "Cruz Lledo, Pablo"]
[Result "1-0"]
[WhiteElo "2125"]
[BlackElo "1944"]
[PlyCount "91"]
[EventDate "2007.04.09"]
[EventType "tourn"]
[EventRounds "9"]
[EventCountry "ESP"]
[EventCategory "1"]
[Source "lmi"]
[SourceDate "2007.04.09"]

1. e4 c6 2. d4 d5 3. e5 Bf5 4. Nc3 e6 5. g4 Bg6 6. Be3 Nd7 7. Nge2 Ne7 8. Nf4
h6 9. h4 Bh7 10. Bd3 Bxd3 11. Nxd3 c5 12. Ne2 cxd4 13. Nxd4 Nc6 14. f4 Be7 15.
h5 Qb6 16. c3 Nxd4 17. Bxd4 Nc5 18. Nxc5 Bxc5 19. Qa4+ Ke7 20. O-O-O Rhc8 21.
f5 Bxd4 22. Rxd4 Rc7 23. Rhd1 Rac8 24. Qb4+ Qxb4 25. Rxb4 a5 26. Rb5 Ra8 27.
Rd4 Ra6 28. Kd2 b6 29. Kd3 Kd7 30. a4 Rc5 31. Rb3 Kc6 32. c4 dxc4+ 33. Rxc4
Rxc4 34. Kxc4 Ra7 35. Rd3 exf5 36. gxf5 Re7 37. Rd6+ Kc7 38. Kd5 Rd7 39. Rxd7+
Kxd7 40. b3 Ke7 41. Kc6 g5 42. fxg6 fxg6 43. hxg6 Ke6 44. g7 Kf7 45. e6+ Kxg7
46. e7 1-0

[Event "5. Magistral Ciutat de Cullera"]
[Site "Cullera ESP"]
[Date "2007.04.13"]
[Round "9.4"]
[White "Jordan Martinez, David"]
[Black "Garcia Fernandez, Carlos"]
[Result "1/2-1/2"]
[WhiteElo "2120"]
[BlackElo "2377"]
[PlyCount "36"]
[EventDate "2007.04.09"]
[EventType "tourn"]
[EventRounds "9"]
[EventCountry "ESP"]
[EventCategory "1"]
[Source "lmi"]
[SourceDate "2007.04.09"]

1. e4 d6 2. d4 Nf6 3. Nc3 e5 4. Nf3 Nbd7 5. Bc4 Be7 6. O-O O-O 7. Re1 c6 8. a4
b6 9. d5 cxd5 10. Nxd5 Nxd5 11. Bxd5 Rb8 12. c3 Nf6 13. Bb3 Bb7 14. Qc2 h6 15.
Bd2 Rc8 16. Rad1 Rc5 17. Bc1 Qa8 18. Nd2 Rfc8 1/2-1/2

[Event "5. Magistral Ciutat de Cullera"]
[Site "Cullera ESP"]
[Date "2007.04.13"]
[Round "9.5"]
[White "Gonzalez Menendez, Ivan"]
[Black "Fenollar Jorda, Manuel"]
[Result "1/2-1/2"]
[WhiteElo "2401"]
[BlackElo "2287"]
[PlyCount "75"]
[EventDate "2007.04.09"]
[EventType "tourn"]
[EventRounds "9"]
[EventCountry "ESP"]
[EventCategory "1"]
[Source "lmi"]
[SourceDate "2007.04.09"]

1. e4 c6 2. d4 d5 3. Nc3 dxe4 4. Nxe4 Bf5 5. Ng3 Bg6 6. h4 h6 7. Nf3 Nd7 8. h5
Bh7 9. Bd3 Bxd3 10. Qxd3 Qc7 11. Bd2 Ngf6 12. O-O-O e6 13. Ne4 Nxe4 14. Qxe4
Nf6 15. Qe2 O-O-O 16. g3 Bd6 17. c4 c5 18. Bc3 cxd4 19. Nxd4 a6 20. Kb1 Kb8 21.
Nb3 Qc6 22. Rh4 Be7 23. Rc1 Ka8 24. c5 Nd5 25. Rc4 Nxc3+ 26. R4xc3 Rc8 27. Na5
Qc7 28. Nc4 Rcd8 29. Ka1 Kb8 30. c6 Qxc6 31. Ne5 Qb6 32. Rb3 Rc8 33. Rb1 Qa5
34. Nxf7 Rhe8 35. Qxe6 Bf6 36. Qd7 Qc7 37. Qd5 Qc6 38. Qd6+ 1/2-1/2